| 000 -LEADER |
| fixed length control field |
00640nam a22000977a 4500 |
| 008 - FIXED-LENGTH DATA ELEMENTS--GENERAL INFORMATION |
| fixed length control field |
180416b xxu||||| |||| 00| 0 eng d |
| 100 ## - MAIN ENTRY--AUTHOR'S NAME |
| Author's Name |
Stanley Gibbons, Inc. |
| 245 ## - TITLE STATEMENT |
| Title |
The postage stamps of the United States produced by the Bureau of Engraving and Printing during the years 1894 to 1900 |
| Remainder of title |
a complete reference list of all varieties / The postage stamps of the United States. Volume III. 1894 to 1900 |
| 260 ## - PUBLICATION, DISTRIBUTION, ETC. (IMPRINT) |
| Place of publication, distribution, etc. |
New York |
| Name of publisher, distributor, etc. |
Stanley Gibbons, Inc. |
| Date of publication, distribution, etc. |
1948 |
| 650 ## - TOPICAL TERM (Tag) |
| Topical term or geographic name |
United States | 1894-1900 | 19th Century | Catalogs and Price Lists | Errors and Varieties | Production | Definitive Issues | Commemorative Issues | -- 1898 | Dealer Publications |